Beethoven I Velká tvůrčí období. Od Eroiky k Appassionatě

Bibliographic Details
Main Author: Rolland, Romain, 1866-1944 (Author)
Other Authors: Hanuš, Stanislav (Translator), Holzknecht, Václav (Author of introduction, etc.)
Format: Book
Language:Czech
French
PhysicalDescription:289 s., [13] s. obr. príl. faks., fotogr., noty, portréty 21 cm
Published: Praha Státní hudební vydavatelství 1966
Edition:1. vyd.
Series:Rolland, Romain, 1866-1944 Musikologické spisy
Knihovna klasiků
Subjects:

MARC

LEADER 00000nam a2200000 a 4500
001 vtls001182750
003 SK-MaSNL
005 20260302064914.0
008 240315s1966 xr hogcg h 00000bcze
035 |a SNK000125797 
040 |a SNK  |b slo  |c SNK  |e AACR2 
041 1 |a cze  |h fre 
043 |a e-gx--- 
044 |a xr  |c CZ 
072 7 |a 78.07  |x Hudobníci, skladatelia a iné hudobné povolania  |2 konspekt 
072 7 |a 929  |x Biografie  |2 konspekt 
080 |a 78.071.1-055.1  |2 2011 
080 |a 929  |2 2011 
080 |a (430)  |2 2011 
080 |a 929(092)  |2 2011 
100 1 |a Rolland, Romain,  |d 1866-1944  |4 aut  |9 106863 
240 1 0 |a Beethoven - Les grandes époques créatrioes  |l Česky 
245 1 0 |a Beethoven  |n I  |p Velká tvůrčí období. Od Eroiky k Appassionatě  |c Romain Rolland ; [z francouzského originálu ... přeložil Stanislav Hanuš ; poznámkami opatřil a předmluvu napsal Václav Holzknecht] 
246 3 0 |a Velká tvůrčí období 
246 3 0 |a Od Eroiky k Appassionatě 
250 |a 1. vyd. 
260 |a Praha  |b Státní hudební vydavatelství  |c 1966 
300 |a 289 s., [13] s. obr. príl.  |b faks., fotogr., noty, portréty  |c 21 cm 
366 |e 3000 výt. 
490 1 |a Knihovna klasiků 
490 1 |a Musikologické spisy Romaina Rollanda  |v sv. 4. 
500 |a Celkovo 3. vyd. 
504 |a Pozn. 
600 1 7 |a Beethoven, Ludwig van,  |d 1770-1827  |2 SNKMA  |9 106879 
648 7 |a 18.-19. stor.  |2 SNKPH  |9 299191 
650 0 7 |a hudobní skladatelia  |2 SNKPH  |9 3188 
650 0 7 |a Composers  |2 SNKPHeng  |9 278300 
651 7 |a Nemecko  |2 SNKPHgeo  |9 21020 
651 7 |a Germany  |2 SNKPHeng  |9 268047 
655 7 |a biografie  |2 SNKPH  |9 27965 
655 7 |a Biography  |2 SNKPHeng  |9 266314 
700 1 |a Hanuš, Stanislav  |4 trl  |9 544863 
700 1 |a Holzknecht, Václav  |4 oth  |4 aui  |9 452850 
800 1 |a Rolland, Romain,  |d 1866-1944  |t Musikologické spisy  |9 456770 
830 0 |a Knihovna klasiků  |9 294343 
852 |a Štátna vedecká knižnica v Banskej Bystrici 
958 |a RK 
958 |a OND 
999 |c 1139633  |d 1141563 
952 |t P60, <04>, [BOOK], {604}  |a SNK  |b SNK  |y VYP  |7 0  |o snkID 41256  |i snk3123/66  |0 0  |1 0  |4 0  |d 1996-02-28  |l 0  |r 2005-01-01 00:00:00  |w 2026-02-24 
952 |t P60, <04>, [BOOK], {604}  |a SNK  |b SNK  |y VYP  |7 0  |o snkID 41256 D1  |i snk3124/66  |0 0  |1 0  |4 0  |d 1996-02-28  |l 0  |r 2005-01-01 00:00:00  |w 2026-02-24